Суммарные многократные волны и проблема надежности сейсмогеологических построений в ГСЗ (докритическая область)

書誌詳細
第一著者: Лоссовский Е. К. Евгений Казимирович
団体著者: Академия наук Украинской ССР (АН УССР) Институт геофизики (ИГФ)
言語:ロシア語
出版事項: Киев, Наукова думка, 1974
主題:
フォーマット: MixedMaterials 図書
KOHA link:https://koha.lib.tpu.ru/cgi-bin/koha/opac-detail.pl?biblionumber=277389

MARC

LEADER 00000nam0a2200000 4500
001 277389
005 20231101235018.0
035 |a (RuTPU)RU\TPU\book\300662 
090 |a 277389 
100 |a 20141202d1974 k y0rusy50 ca 
101 0 |a rus 
102 |a UA 
105 |a a z 001zy 
200 1 |a Суммарные многократные волны и проблема надежности сейсмогеологических построений в ГСЗ (докритическая область)  |f Е. К. Лоссовский  |g Академия наук Украинской ССР (АН УССР), Институт геофизики (ИГФ) 
210 |a Киев  |c Наукова думка  |d 1974 
215 |a 128 с.  |c ил. 
320 |a Библиогр.: с. 122-127. 
606 1 |a Сейсмическая разведка  |2 stltpush  |3 (RuTPU)RU\TPU\subj\54338  |9 72495 
610 1 |a годографы 
610 1 |a волны 
610 1 |a земная кора 
610 1 |a отражение 
610 1 |a упругие среды 
610 1 |a ЭВМ 
610 1 |a моделирование 
675 |a 550.834  |v 3 
700 1 |a Лоссовский  |b Е. К.  |g Евгений Казимирович 
712 0 2 |a Академия наук Украинской ССР (АН УССР)  |b Институт геофизики (ИГФ)  |c (Киев)  |2 stltpush  |3 (RuTPU)RU\TPU\col\13865 
801 1 |a RU  |b 63413507  |c 20141202 
801 2 |a RU  |b 63413507  |c 20180712  |g RCR 
942 |c BK